Normal view
MARC view
Entry Personal Name
001 - CONTROL NUMBER
- control field: 1235677
003 - CONTROL NUMBER IDENTIFIER
- control field: OSt
005 - DATE AND TIME OF LATEST TRANSACTION
- control field: 20260424132349.0
008 - FIXED-LENGTH DATA ELEMENTS
- fixed length control field: 260424|| aca||aabn | a|a d
040 ## - CATALOGING SOURCE
- Original cataloging agency: OSt
- Transcribing agency: OSt
100 ## - HEADING--PERSONAL NAME
- Personal name: जोशी, जगदीश
670 ## - SOURCE DATA FOUND
- Source citation: Work cat.: (OSt)1848514: जोशी, जगदीश , आसमान में ऊंची उड़ान, 2012
